00391nam a2200133Ia 4500008004100000082001400041100002200055245002100077260001800098600002000116942000700136952009700143999001700240241002s9999 xx 000 0 und d a380.1 BUR aBursk, Edwoard C. 0aModern Marketing aLondon:c1965 aSocial Sciences cUC 00104070aUITUbUITUd1994-01-01l0o380.1 BURpUC189r2024-10-02 09:31:11w2024-10-02yUC c18516d18516